[Event "OLNW 1819 MTV Tostedt - SV Werder Breme"]
[Site "?"]
[Date "2019.02.24"]
[Round "7.5"]
[White "Zumsande, Martin"]
[Black "Szalanczi, Emil"]
[Result "1-0"]
[WhiteElo "2492"]
[BlackElo "2194"]
[PlyCount "127"]
[EventDate "2019.??.??"]

1. e4 c5 2. c3 d6 3. d4 Nf6 4. Bd3 g6 5. Nf3 Bg7 6. dxc5 d5 7. e5 Nfd7 8. Bb5
O-O 9. Qxd5 Nxe5 10. Qxd8 Nxf3+ 11. gxf3 Rxd8 12. Be3 Nc6 13. Nd2 Ne5 14. O-O-O
Bf5 15. f4 Nd3+ 16. Bxd3 Rxd3 17. Nb3 e5 18. fxe5 Bxe5 19. Rxd3 Bxd3 20. Rd1
Be4 21. h4 h5 22. Bg5 f6 23. Be3 Re8 24. Nd4 a6 25. f4 Bc7 26. Kd2 Kf7 27. b3
Bd8 28. Re1 Be7 29. b4 Rd8 30. a3 Re8 31. Bf2 Bd8 32. Bg3 Bc7 33. Re3 Re7 34.
Ke2 Re8 35. Kd2 Re7 36. a4 Re8 37. f5 Bxg3 38. fxg6+ Kxg6 39. Rxg3+ Kf7 40. c4
Rc8 41. Ke3 Bg6 42. Kf4 Rd8 43. Nf5 Bxf5 44. Kxf5 Rd1 45. Ke4 Rh1 46. b5 Rxh4+
47. Kd5 axb5 48. axb5 Rg4 49. Re3 h4 50. c6 bxc6+ 51. bxc6 Rg3 52. c7 Rxe3 53.
c8=Q h3 54. Qd7+ Kg6 55. Qg4+ Kf7 56. Qh5+ Kg7 57. Kd6 Rd3+ 58. Kc6 Re3 59. c5
Re6+ 60. Kb5 Re3 61. Qh4 Kg6 62. Kb6 Rb3+ 63. Kc7 Rb5 64. Qg4+ 1-0

[Event "OLNW 1819 MTV Tostedt - SV Werder Breme"]
[Site "?"]
[Date "2019.02.24"]
[Round "7.6"]
[White "Haerig, Wilfried"]
[Black "Meins, Gerlef"]
[Result "0-1"]
[WhiteElo "2112"]
[BlackElo "2414"]
[PlyCount "90"]
[EventDate "2019.??.??"]

1. e4 c5 2. Nf3 Nc6 3. d4 cxd4 4. Nxd4 Nf6 5. Nc3 d6 6. Bg5 e6 7. Qd2 a6 8.
O-O-O Bd7 9. f4 h6 10. Bh4 Nxe4 11. Qe1 Nf6 12. Nf5 Qa5 13. Nxd6+ Bxd6 14. Rxd6
Qc7 15. Qd2 Ne7 16. Bxf6 gxf6 17. Ne4 O-O-O 18. Nxf6 Bc6 19. Rd3 Ng6 20. Nh5
Nh4 21. Qf2 Rxd3 22. Bxd3 Nxg2 23. Rg1 Qa5 24. Nf6 Qxa2 25. Rxg2 Bxg2 26. Qxg2
Qa1+ 27. Kd2 Qxb2 28. Ne4 Rd8 29. Qg1 Qd4 30. Qxd4 Rxd4 31. Ke3 Rd8 32. c4 Kc7
33. c5 Rd5 34. Nd6 Rxc5 35. Nxf7 Rh5 36. Bc4 Kd7 37. Ne5+ Kd6 38. Nf3 a5 39.
Ke4 a4 40. Nd4 Rxh2 41. Nxe6 a3 42. Nd8 b5 43. Nf7+ Kc5 44. Bb3 Rb2 45. Be6
Re2+ 0-1

[Event "OLNW 1819 MTV Tostedt - SV Werder Breme"]
[Site "?"]
[Date "2019.02.24"]
[Round "7.8"]
[White "Krueger, Robin Kevin"]
[Black "Richter, Christian"]
[Result "0-1"]
[WhiteElo "1998"]
[BlackElo "2359"]
[PlyCount "78"]
[EventDate "2019.??.??"]

1. e4 e5 2. Nf3 Nc6 3. Bc4 Bc5 4. c3 Nf6 5. d4 exd4 6. e5 d5 7. Bb5 Ne4 8. cxd4
Bb6 9. Nc3 O-O 10. Be3 f6 11. O-O Bg4 12. Be2 Be6 13. Na4 Ne7 14. exf6 Nxf6 15.
Ne5 Nf5 16. Qd3 Nd6 17. Rac1 Bd7 18. Qb3 Bxa4 19. Qxa4 Qe8 20. Qb3 c6 21. f4
Nf5 22. Qd3 Nxe3 23. Qxe3 Nd7 24. Bd3 Nxe5 25. fxe5 Qe7 26. Rfd1 g6 27. a3 Qh4
28. Bb1 Qf4 29. Rc3 Rae8 30. g3 Qg4 31. Bc2 Qh3 32. b4 Re7 33. Bd3 Ref7 34. Be2
Kg7 35. e6 Re7 36. Qe5+ Rf6 37. g4 Qxc3 38. g5 Rexe6 39. gxf6+ Kf7 0-1

[Event "OLNW 1819 SV Werder Bremen II - SK Nord"]
[Site "?"]
[Date "2019.03.24"]
[Round "8.1"]
[White "Kroeze, Frank"]
[Black "Grigorian, Spartak"]
[Result "1-0"]
[WhiteElo "2394"]
[BlackElo "2391"]
[PlyCount "85"]
[EventDate "2019.??.??"]

1. d4 Nf6 2. c4 e6 3. Nc3 Bb4 4. f3 c5 5. d5 d6 6. e4 a6 7. Nge2 b5 8. Ng3 O-O
9. Be2 Bb7 10. Bf4 exd5 11. cxd5 c4 12. O-O Nbd7 13. Kh1 Re8 14. a4 Qb6 15. Nf5
Bc5 16. g4 Ne5 17. Bg5 Nfd7 18. b3 Qa5 19. b4 Bxb4 20. axb5 Qc7 21. Qc2 Nc5 22.
Rab1 Ba5 23. Nd4 Rec8 24. Nc6 f6 25. Be3 Bxc3 26. b6 Qd7 27. Qxc3 Bxc6 28. dxc6
Rxc6 29. f4 Nf7 30. Qxc4 Rb8 31. Bxc5 dxc5 32. Qxa6 Qb7 33. Qxb7 Rxb7 34. Bc4
Rcxb6 35. Rxb6 Rxb6 36. Ra1 Rb8 37. Ra7 Rf8 38. e5 fxe5 39. fxe5 h6 40. Rd7 g6
41. e6 Ne5 42. e7+ Nxc4 43. Rd8 1-0

[Event "OLNW 1819 SV Werder Bremen II - SK Nord"]
[Site "?"]
[Date "2019.03.24"]
[Round "8.2"]
[White "Wachinger, Nikolas"]
[Black "Plasman, Hans"]
[Result "1-0"]
[WhiteElo "2340"]
[BlackElo "2116"]
[PlyCount "93"]
[EventDate "2019.??.??"]

1. e4 e5 2. Nf3 Nc6 3. Bb5 a6 4. Ba4 d6 5. Bxc6+ bxc6 6. d4 exd4 7. Nxd4 c5 8.
Nf3 Ne7 9. Nc3 Ng6 10. O-O Be7 11. Nd5 O-O 12. Bd2 Bf6 13. Ba5 Ra7 14. Rb1 Re8
15. Re1 Ne5 16. Nxe5 Bxe5 17. b4 Re6 18. bxc5 dxc5 19. Rb8 Re8 20. f4 Bd4+ 21.
Kh1 g6 22. c3 Bg7 23. Nxc7 Qxd1 24. Rxd1 Rf8 25. Bb6 Rb7 26. Rxb7 Bxb7 27. Bxc5
Rc8 28. e5 g5 29. Bd6 gxf4 30. Rb1 Be4 31. Rb4 Bg6 32. Nxa6 f6 33. e6 h5 34.
Rb8 Rxb8 35. Nxb8 Bf5 36. e7 Kf7 37. Na6 Bd7 38. Nc7 f5 39. c4 Bf6 40. Kg1 Bxe7
41. Bxe7 Kxe7 42. Nd5+ Kd6 43. Nxf4 Be8 44. Nd3 Bf7 45. c5+ Kd5 46. c6 Kd6 47.
Nb4 1-0

[Event "OLNW 1819 SV Werder Bremen II - SK Nord"]
[Site "?"]
[Date "2019.03.24"]
[Round "8.3"]
[White "Oehne, Timo"]
[Black "Meins, Gerlef"]
[Result "1/2-1/2"]
[WhiteElo "2090"]
[BlackElo "2418"]
[PlyCount "95"]
[EventDate "2019.??.??"]

1. d4 Nf6 2. Nf3 e6 3. Bf4 Be7 4. e3 Nh5 5. Bg3 d6 6. Nbd2 Nd7 7. Bd3 c5 8. c3
b6 9. Qe2 a6 10. a4 Bb7 11. O-O O-O 12. e4 Nxg3 13. hxg3 cxd4 14. cxd4 Nb8 15.
Rfd1 Nc6 16. Rac1 Nb4 17. Bb1 Rc8 18. Rc3 d5 19. Rdc1 Qd7 20. Ne5 Qxa4 21. exd5
Rxc3 22. bxc3 Nxd5 23. c4 Qa3 24. Qd1 Nf6 25. Nd3 Rd8 26. c5 b5 27. c6 Bc8 28.
Nf3 Bd6 29. Qc2 g6 30. Nde5 Bc7 31. Rd1 Qe7 32. Qc1 Nd5 33. Re1 f6 34. Nd3 a5
35. Nc5 b4 36. Ba2 Kg7 37. Qc4 Bb6 38. Na4 Qc7 39. Qb5 Ba7 40. g4 Rd6 41. g5
Rxc6 42. Bxd5 exd5 43. Qxd5 Bb7 44. Nc5 Rxc5 45. gxf6+ Kh6 46. Qg8 Rf5 47. Re7
Qc1+ 48. Ne1 1/2-1/2

[Event "OLNW 1819 SV Werder Bremen II - SK Nord"]
[Site "?"]
[Date "2019.03.24"]
[Round "8.4"]
[White "Joachim, Sven"]
[Black "Hoellmann, Ludger"]
[Result "1-0"]
[WhiteElo "2380"]
[BlackElo "2105"]
[PlyCount "75"]
[EventDate "2019.??.??"]

1. e4 e5 2. Nf3 Nc6 3. Bc4 Nf6 4. d3 Be7 5. O-O O-O 6. Re1 d6 7. a4 Na5 8. Ba2
c5 9. c3 Nc6 10. Na3 a6 11. h3 h6 12. Bd2 Rb8 13. Nc2 Re8 14. b4 b5 15. axb5
axb5 16. d4 exd4 17. cxd4 c4 18. d5 Ne5 19. Ncd4 Qc7 20. Bb1 Bd7 21. Bc3 Ra8
22. Bc2 Rxa1 23. Qxa1 Bd8 24. Nxe5 Rxe5 25. Nc6 Re8 26. Nxd8 Qxd8 27. Qa7 Qb8
28. Ra1 Qd8 29. Qd4 Re7 30. Ra6 Qc7 31. f3 Ne8 32. Qb6 Bc8 33. Qxc7 Rxc7 34.
Ra5 Bd7 35. Kf2 f6 36. Ke3 Kf7 37. h4 g6 38. f4 {(Zeit)} 1-0

[Event "OLNW 1819 SV Werder Bremen II - SK Nord"]
[Site "?"]
[Date "2019.03.24"]
[Round "8.5"]
[White "Bierenbroodspot, Paul"]
[Black "Richter, Christian"]
[Result "0-1"]
[WhiteElo "2116"]
[BlackElo "2354"]
[PlyCount "78"]
[EventDate "2019.??.??"]

1. e4 e5 2. Nf3 Nc6 3. Bb5 a6 4. Ba4 Nf6 5. Nc3 Bb4 6. O-O O-O 7. Nd5 Bd6 8.
Re1 Re8 9. c4 h6 10. d3 Bf8 11. a3 d6 12. h3 Nd7 13. Be3 Ne7 14. b4 c6 15. Nc3
Ng6 16. Bb3 Nf6 17. Qd2 Nh5 18. Ne2 Qf6 19. d4 Bxh3 20. c5 Be6 21. d5 Bd7 22.
Ng5 Nh8 23. Nf3 Ng6 24. Ng5 Nh8 25. Nf3 g5 26. Red1 dxc5 27. bxc5 Ng6 28. Nh2
Nh4 29. Qc3 Nf4 30. Bxf4 gxf4 31. Rd3 Qg6 32. g3 Qxe4 33. f3 Qxe2 34. Ra2 Bxc5+
35. Kh1 Bd4 36. Rxe2 Bxc3 37. gxh4 Bd4 38. Ng4 Bxg4 39. fxg4 c5 0-1

[Event "OLNW 1819 SV Werder Bremen II - SK Nord"]
[Site "?"]
[Date "2019.03.24"]
[Round "8.6"]
[White "Charmeteau, Sven"]
[Black "Wiebe, Patrick"]
[Result "0-1"]
[WhiteElo "2300"]
[BlackElo "2236"]
[PlyCount "76"]
[EventDate "2019.??.??"]

1. e4 e6 2. d4 d5 3. Nc3 Bb4 4. e5 Ne7 5. a3 Bxc3+ 6. bxc3 c5 7. Qg4 O-O 8. Nf3
Nbc6 9. Bd3 f5 10. exf6 Rxf6 11. Bg5 e5 12. Qg3 Rxf3 13. gxf3 c4 14. Be2 exd4
15. O-O Bf5 16. Rfe1 Qd7 17. cxd4 Bxc2 18. Bd1 Bxd1 19. Bxe7 Bc2 20. Bf6 Bg6
21. Be5 b5 22. h4 Rf8 23. Kh2 a5 24. f4 Qf7 25. Bd6 Rd8 26. Bc5 Be4 27. Rg1 Rd7
28. f3 Bd3 29. Qg5 Kh8 30. h5 h6 31. Qh4 c3 32. Rg3 Ne7 33. Bxe7 Rxe7 34. f5
Bxf5 35. Rag1 c2 36. R3g2 b4 37. axb4 axb4 38. Ra1 b3 0-1

[Event "OLNW 1819 SV Werder Bremen II - SK Nord"]
[Site "?"]
[Date "2019.03.24"]
[Round "8.7"]
[White "Meijerink, Juergen"]
[Black "Kardoeus, David"]
[Result "0-1"]
[WhiteElo "1983"]
[BlackElo "2184"]
[PlyCount "50"]
[EventDate "2019.??.??"]

1. e4 c5 2. Nf3 Nc6 3. Bb5 Nf6 4. e5 Nd5 5. O-O g6 6. c3 Bg7 7. d4 cxd4 8. Qb3
Nc7 9. Bxc6 dxc6 10. Rd1 Be6 11. Qxb7 Bd5 12. c4 Bxf3 13. gxf3 Qd7 14. Bf4 Rd8
15. Qxa7 g5 16. Bg3 h5 17. h3 g4 18. hxg4 hxg4 19. f4 Qf5 20. Rxd4 Qh7 21. Kf1
Qh1+ 22. Ke2 O-O 23. Kd2 c5 24. Qxc7 Rxd4+ 25. Kc3 Qc1+ 0-1

[Event "OLNW 1819 SV Werder Bremen II - SK Nord"]
[Site "?"]
[Date "2019.03.24"]
[Round "8.8"]
[White "Krallmann, Matthias"]
[Black "Scheffner, Jarno"]
[Result "1/2-1/2"]
[WhiteElo "2136"]
[BlackElo "1947"]
[PlyCount "74"]
[EventDate "2019.??.??"]

1. d4 Nf6 2. c4 c5 3. d5 g6 4. Nc3 d6 5. g3 Bg7 6. Bg2 O-O 7. Nf3 e6 8. O-O
exd5 9. cxd5 Na6 10. Nd2 Nc7 11. a4 b6 12. Nc4 Ba6 13. Na3 Nd7 14. Bf4 Ne5 15.
Qd2 Re8 16. Rfe1 Rb8 17. Ncb5 Bxb5 18. axb5 Qd7 19. e4 Nxb5 20. Nxb5 Qxb5 21.
Bxe5 Bxe5 22. Rxa7 Qxb2 23. Qxb2 Bxb2 24. Bf1 Bd4 25. Bb5 Re5 26. Kf1 f5 27.
exf5 Rxf5 28. f4 Rf7 29. Ree7 Rxe7 30. Rxe7 Rc8 31. Bd7 Ra8 32. Re8+ Rxe8 33.
Bxe8 Kg7 34. Bb5 Kf6 35. Kg2 g5 36. Kf3 gxf4 37. gxf4 Bc3 {(=)} 1/2-1/2

[Event "OLNW 1819 SV Hellern - SV Werder Bremen"]
[Site "?"]
[Date "2019.04.07"]
[Round "9.1"]
[White "Grigorian, Spartak"]
[Black "Lingnau, Carsten"]
[Result "1/2-1/2"]
[WhiteElo "2384"]
[BlackElo "2419"]
[PlyCount "90"]
[EventDate "2019.??.??"]

1. d4 Nf6 2. c4 e6 3. Nc3 Bb4 4. e3 O-O 5. Nge2 d5 6. a3 Be7 7. cxd5 exd5 8.
Nf4 c6 9. Bd3 Na6 10. O-O Nc7 11. f3 Re8 12. Bd2 c5 13. Nce2 b6 14. Be1 Bf8 15.
Qd2 Bb7 16. g4 Qe7 17. Bf2 g6 18. Rae1 Rad8 19. Nc3 Bh6 20. h4 Bg7 21. Rb1 Nd7
22. Bc2 Bc6 23. b4 cxd4 24. exd4 b5 25. Rfe1 Qf8 26. Nd3 Nb6 27. Ne5 Nc4 28.
Nxc4 dxc4 29. Be4 Qd6 30. Rbd1 Nd5 31. Bxd5 Bxd5 32. Kg2 a6 33. Rxe8+ Rxe8 34.
Re1 Rd8 35. Nxd5 Qxd5 36. Re4 h5 37. g5 Rc8 38. Qc3 Qf5 39. Bg3 Rc6 40. Be5
Bxe5 41. Rxe5 Qd7 42. d5 Rc8 43. Kg3 Qd6 44. Kg2 Qd7 45. Kg3 Qd6 {(=)} 1/2-1/2

[Event "OLNW 1819 SV Hellern - SV Werder Bremen"]
[Site "?"]
[Date "2019.04.07"]
[Round "9.2"]
[White "Ewert, Hannes"]
[Black "Meins, Gerlef"]
[Result "0-1"]
[WhiteElo "2288"]
[BlackElo "2414"]
[PlyCount "122"]
[EventDate "2019.??.??"]

1. Nf3 c5 2. g3 Nc6 3. d4 cxd4 4. Nxd4 g6 5. Bg2 Bg7 6. Nxc6 bxc6 7. c4 Nf6 8.
Nc3 O-O 9. O-O Rb8 10. Rb1 c5 11. b3 d6 12. Bb2 Be6 13. h3 Ne8 14. Qd2 Nc7 15.
Rbd1 Qc8 16. Kh2 a5 17. e4 Bd7 18. f4 a4 19. Nd5 Nxd5 20. Bxg7 Kxg7 21. exd5
axb3 22. Qc3+ Kg8 23. axb3 Qb7 24. Rf3 Qb4 25. Qe3 Rfe8 26. g4 e6 27. dxe6 Rxe6
28. Qd2 Bc6 29. Rd3 Bxg2 30. Qxg2 Rbe8 31. R1d2 Re3 32. Qf2 R3e4 33. f5 g5 34.
Qf3 Re3 35. Qf2 Re1 36. f6 h6 37. h4 Qb7 38. Qf3 Qxf3 39. Rxf3 gxh4 40. Rfd3
R8e3 41. Rxd6 Rxb3 42. Rc6 Ree3 43. Rf2 Rh3+ 44. Kg2 Rbg3+ 45. Kf1 Rh1+ 46. Ke2
Rc1 47. Rxc5 Kh7 48. Rc8 h3 49. Rf8 Rc2+ 50. Kf1 Rxf2+ 51. Kxf2 h2 52. Rxf7+
Kg6 53. Kxg3 h1=Q 54. Re7 Qg1+ 55. Kf3 Qf1+ 56. Kg3 Qd3+ 57. Kf4 Qd4+ 58. Kg3
Qd6+ 59. Kg2 Qf4 60. Kh3 Qf3+ 61. Kh2 Kxf6 0-1

[Event "OLNW 1819 SV Hellern - SV Werder Bremen"]
[Site "?"]
[Date "2019.04.07"]
[Round "9.3"]
[White "Joachim, Sven"]
[Black "Happe, Reinhold"]
[Result "1-0"]
[WhiteElo "2382"]
[BlackElo "2111"]
[PlyCount "77"]
[EventDate "2019.??.??"]

1. e4 e5 2. Nf3 Nc6 3. Bc4 Bc5 4. d3 d6 5. c3 Nf6 6. O-O O-O 7. a4 a6 8. Nbd2
Ba7 9. h3 Be6 10. Re1 Re8 11. Bxe6 fxe6 12. a5 Qd7 13. Nc4 Ne7 14. Be3 Bxe3 15.
Rxe3 Ng6 16. d4 Qc6 17. Qa4 exd4 18. Qxc6 bxc6 19. cxd4 Rab8 20. Rc1 Nd7 21. e5
d5 22. Na3 Ne7 23. b3 Rb4 24. Nc2 Rbb8 25. b4 Nf8 26. Rc3 Nfg6 27. g3 Rf8 28.
Ng5 Rfc8 29. Nxe6 h6 30. Nc5 Ra8 31. Ne3 Rcb8 32. Rb1 Nxe5 33. dxe5 d4 34. Rd3
dxe3 35. fxe3 Nd5 36. e4 Rxb4 37. Rxb4 Nxb4 38. Rd7 Rb8 39. e6 1-0

[Event "OLNW 1819 SV Hellern - SV Werder Bremen"]
[Site "?"]
[Date "2019.04.07"]
[Round "9.4"]
[White "Weist, Thorben"]
[Black "Richter, Christian"]
[Result "0-1"]
[WhiteElo "2057"]
[BlackElo "2356"]
[PlyCount "62"]
[EventDate "2019.??.??"]

1. e4 e5 2. Nf3 Nc6 3. Bc4 Bc5 4. c3 Nf6 5. d3 a6 6. Nbd2 d6 7. Bb3 O-O 8. O-O
Ba7 9. Re1 Ng4 10. Re2 Kh8 11. h3 Nh6 12. Nf1 f5 13. exf5 Nxf5 14. Kh2 Nh4 15.
N1d2 Bd7 16. Bd5 Ng6 17. Nf1 Nf4 18. Bxf4 Rxf4 19. Qd2 Qf6 20. Ng3 Qh6 21. Ng1
Raf8 22. f3 Qg6 23. Re4 b5 24. d4 Rxe4 25. Bxe4 Qf6 26. d5 Ne7 27. N1e2 Ng6 28.
Nh5 Qh4 29. Nhg3 Rf6 30. Qd3 Nf4 31. Nxf4 Qxf4 0-1

[Event "OLNW 1819 SV Hellern - SV Werder Bremen"]
[Site "?"]
[Date "2019.04.07"]
[Round "9.5"]
[White "Charmeteau, Sven"]
[Black "Lewin, Tammo"]
[Result "1-0"]
[WhiteElo "2288"]
[BlackElo "2071"]
[PlyCount "95"]
[EventDate "2019.??.??"]

1. e4 c5 2. Nf3 e6 3. d4 cxd4 4. Nxd4 Nc6 5. Nc3 Qc7 6. Be3 a6 7. Qd2 Nf6 8. f3
Bb4 9. g4 Ne5 10. O-O-O h6 11. Bf4 Be7 12. Kb1 d6 13. Bg3 Bd7 14. f4 Nc6 15. e5
dxe5 16. fxe5 Nxg4 17. Nf5 Bg5 18. Nxg7+ Kf8 19. Qxd7 Qxd7 20. Rxd7 Kxg7 21.
Rxb7 Ngxe5 22. Bg2 Rac8 23. Rf1 Rhf8 24. Bxc6 Nxc6 25. Bd6 Rfd8 26. Ne4 Na5 27.
Rbxf7+ Kg6 28. b3 Nc6 29. Bc7 Rd5 30. Nxg5 Rxg5 31. R1f6+ Kh5 32. Rxe6 Nd4 33.
Re4 Nb5 34. Be5 Rg2 35. a4 Na3+ 36. Ka2 Nxc2 37. Bb2 Rb8 38. Re5+ Kh4 39. Rf4+
Rg4 40. Rxg4+ Kxg4 41. Bc3 Nb4+ 42. Bxb4 Rxb4 43. Re6 h5 44. Rxa6 h4 45. Rc6
Kh3 46. Rc2 Rg4 47. a5 Rf4 48. Ka3 1-0

[Event "OLNW 1819 SV Hellern - SV Werder Bremen"]
[Site "?"]
[Date "2019.04.07"]
[Round "9.6"]
[White "Andre, Wolfgang"]
[Black "Kardoeus, David"]
[Result "1/2-1/2"]
[WhiteElo "2173"]
[BlackElo "2189"]
[PlyCount "83"]
[EventDate "2019.??.??"]

1. e4 c5 2. Nf3 Nc6 3. Nc3 Nf6 4. Bb5 Nd4 5. e5 Nxb5 6. Nxb5 Nd5 7. Ng5 f6 8.
exf6 Nxf6 9. O-O e6 10. d4 Qb6 11. c4 h6 12. Nf3 a6 13. Nc3 cxd4 14. Nxd4 Qc7
15. Qd3 Kf7 16. b3 Bd6 17. Bb2 b6 18. h3 Bb7 19. Rad1 Bh2+ 20. Kh1 h5 21. Nf3
Bf4 22. Ne2 Be4 23. Qc3 d5 24. Nxf4 Qxf4 25. Ne5+ Kg8 26. Nd7 Rh6 27. f3 Bf5
28. Nxf6+ Rxf6 29. cxd5 Rg6 30. Qd2 Qh4 31. Qf2 Qxf2 32. Rxf2 exd5 33. Rxd5 Be6
34. Rxh5 Rd8 35. Re5 a5 36. Kh2 Rd1 37. Rfe2 Bd7 38. R5e4 Bc6 39. Rg4 Rxg4 40.
hxg4 Kf7 41. Rc2 Bd7 42. Kg3 {(=)} 1/2-1/2

[Event "OLNW 1819 SV Hellern - SV Werder Bremen"]
[Site "?"]
[Date "2019.04.07"]
[Round "9.7"]
[White "Krallmann, Matthias"]
[Black "Santos, Felipe"]
[Result "1-0"]
[WhiteElo "2131"]
[BlackElo "1212"]
[PlyCount "51"]
[EventDate "2019.??.??"]

1. d4 Nf6 2. c4 b6 3. Nc3 Bb7 4. Qc2 d5 5. cxd5 Nxd5 6. Nf3 e6 7. e4 Nf6 8. Bg5
h6 9. Bxf6 Qxf6 10. Bb5+ c6 11. Be2 Nd7 12. O-O Bb4 13. e5 Qd8 14. Ne4 O-O 15.
a3 Be7 16. b4 c5 17. dxc5 Bxe4 18. Qxe4 bxc5 19. Rfd1 Rb8 20. Qc6 Qb6 21. Qxd7
Rb7 22. Qa4 cxb4 23. axb4 Bxb4 24. Rab1 Rfb8 25. Ba6 Rc7 26. Rd4 1-0

[Event "LL Nord SG Osnabrück - Werder 3"]
[Site "?"]
[Date "2018.10.21"]
[Round "1.1"]
[White "Collbow, Collin"]
[Black "Hillebrand, Philipp"]
[Result "0-1"]
[WhiteElo "2136"]
[BlackElo "2145"]
[PlyCount "80"]
[EventDate "2018.??.??"]

1. e4 c5 2. Nf3 g6 3. d4 cxd4 4. Nxd4 Nc6 5. Nc3 Bg7 6. Be3 Nf6 7. Bc4 Qa5 8.
O-O O-O 9. Bb3 d6 10. h3 Bd7 11. Re1 Rfc8 12. f4 Be8 13. Nd5 Nxd5 14. exd5 Nxd4
15. Bxd4 Qxe1+ 16. Qxe1 Bxd4+ 17. Kh1 Bxb2 18. Rb1 Bf6 19. g4 Rc7 20. g5 Bc3
21. Qe4 b5 22. a3 Rac8 23. f5 Be5 24. fxg6 hxg6 25. Rf1 Rc3 26. Rf3 Bd7 27. h4
Rxf3 28. Qxf3 Rc3 29. Qe4 a5 30. h5 Rh3+ 31. Kg1 Rxh5 32. Qe3 Rh4 33. Qe1 Rg4+
34. Kf1 b4 35. axb4 Rxb4 36. Qd2 Rf4+ 37. Kg2 a4 38. Ba2 Bf5 39. c3 Rh4 40. Kg1
Rh2 0-1

[Event "LL Nord SG Osnabrück - Werder 3"]
[Site "?"]
[Date "2018.10.21"]
[Round "1.2"]
[White "Schroeder, Boris"]
[Black "Lai Hop, Duong"]
[Result "1/2-1/2"]
[WhiteElo "2096"]
[BlackElo "2157"]
[PlyCount "82"]
[EventDate "2018.??.??"]

1. d4 d5 2. c4 c6 3. cxd5 cxd5 4. Nc3 Nc6 5. Bf4 Nf6 6. Nf3 a6 7. e3 e6 8. Bd3
Be7 9. O-O Nh5 10. Be5 O-O 11. a3 f6 12. Nd2 g6 13. Bg3 f5 14. Ne2 Bd7 15. b4
b6 16. Nf3 Qc8 17. Ne5 Nxg3 18. hxg3 Nxe5 19. dxe5 Qb8 20. f4 a5 21. Qb3 Rc8
22. Rfb1 Qc7 23. Kf2 Qd8 24. bxa5 bxa5 25. a4 Rab8 26. Bb5 Bb4 27. Qd3 Bxb5 28.
axb5 Qd7 29. Nd4 Rc3 30. Qe2 Rbc8 31. Ra2 R8c4 32. Rbb2 Rc1 33. Rc2 Be1+ 34.
Kf3 g5 35. fxg5 Qg7 36. Rxc1 Rxc1 37. Kf4 Qg6 38. Nf3 Rc4+ 39. Nd4 Rc1 40. Nf3
Qh5 41. Nd4 Qg6 1/2-1/2

[Event "LL Nord SG Osnabrück - Werder 3"]
[Site "?"]
[Date "2018.10.21"]
[Round "1.3"]
[White "Krallmann, Matthias"]
[Black "Selker, Marc"]
[Result "1/2-1/2"]
[WhiteElo "2092"]
[BlackElo "2025"]
[PlyCount "77"]
[EventDate "2018.??.??"]

1. d4 d5 2. c4 Nc6 3. cxd5 Qxd5 4. e3 e5 5. Nc3 Bb4 6. Bd2 Bxc3 7. Bxc3 exd4 8.
Ne2 Bg4 9. f3 Nf6 10. Nxd4 Bd7 11. Nb5 Qxd1+ 12. Rxd1 O-O-O 13. Bc4 Be6 14.
Bxe6+ fxe6 15. Nd4 Nxd4 16. Bxd4 Rhe8 17. e4 e5 18. Bc3 Rxd1+ 19. Kxd1 Kd7 20.
Ke2 Ke6 21. Rd1 Re7 22. Rd8 Re8 23. Rxe8+ Nxe8 24. Kd3 Nd6 25. a4 g6 26. b3 a6
27. g3 b6 28. Bd2 Nb7 29. Bg5 Nc5+ 30. Kc4 Kd6 31. Be3 Nd7 32. f4 c5 33. b4
cxb4 34. Kxb4 b5 35. axb5 axb5 36. Kxb5 Nf6 37. Kc4 Nxe4 38. Kd3 Kd5 39. fxe5
1/2-1/2

[Event "LL Nord SG Osnabrück - Werder 3"]
[Site "?"]
[Date "2018.10.21"]
[Round "1.4"]
[White "Bennemann, Ingmar"]
[Black "Prof. Dr. Franke, Reiner"]
[Result "1/2-1/2"]
[WhiteElo "1997"]
[BlackElo "2175"]
[PlyCount "70"]
[EventDate "2018.??.??"]

1. d4 d5 2. c4 e6 3. Nc3 c6 4. e4 dxe4 5. Nxe4 Bb4+ 6. Bd2 Qxd4 7. Bxb4 Qxe4+
8. Be2 Na6 9. Bd6 e5 10. Nf3 Bg4 11. O-O O-O-O 12. Bd3 Qf4 13. Bxe5 Qxe5 14.
Nxe5 Bxd1 15. Nxf7 Bg4 16. f3 Be6 17. Nxd8 Kxd8 18. Rfe1 Bd7 19. Rad1 Nf6 20.
g4 Rf8 21. g5 Ne8 22. Bxh7 Rxf3 23. Bg6 Nec7 24. Re5 Rf8 25. Rd4 b6 26. Bf5 Nb8
27. h4 Re8 28. Rxe8+ Kxe8 29. Bxd7+ Nxd7 30. h5 Ne6 31. Rg4 Ne5 32. h6 Nxg5 33.
h7 Nxh7 34. Rxg7 Nf6 35. Rxa7 Nfd7 1/2-1/2

[Event "LL Nord SG Osnabrück - Werder 3"]
[Site "?"]
[Date "2018.10.21"]
[Round "1.5"]
[White "Heldt, Nils-Lennart"]
[Black "Greten, Wolfgang"]
[Result "1-0"]
[WhiteElo "1998"]
[BlackElo "2048"]
[PlyCount "118"]
[EventDate "2018.??.??"]

1. e4 d5 2. exd5 Qxd5 3. Nf3 Nf6 4. Be2 c5 5. Nc3 Qd6 6. O-O a6 7. d4 cxd4 8.
Nxd4 e5 9. Nf3 Qxd1 10. Rxd1 Nc6 11. Bg5 Be7 12. Na4 Nd7 13. Bxe7 Kxe7 14. Rd2
b5 15. Nc3 Nb6 16. Rad1 f6 17. Ne4 Rd8 18. Nc5 Rxd2 19. Rxd2 Nd7 20. Ne4 Nf8
21. c3 Be6 22. a4 bxa4 23. Nc5 Na5 24. Nxa4 Nb3 25. Rd1 Nd7 26. Nd2 Rd8 27. Nf1
a5 28. Ne3 Nb8 29. Nb6 Rxd1+ 30. Bxd1 Nc6 31. Nbd5+ Kd6 32. Bxb3 f5 33. c4 Nd4
34. Ba2 f4 35. Nd1 Bf5 36. N1c3 Bd3 37. f3 Kc5 38. Na4+ Kc6 39. b4 Bc2 40. b5+
Nxb5 41. cxb5+ Kxb5 42. Nac3+ Kc5 43. Kf2 a4 44. Ne4+ Kd4 45. Ndc3 h6 46. Ne2+
Kd3 47. h4 Bd1 48. Bb1+ Kc4 49. N2c3 Bb3 50. Na2 Kd4 51. Nd6 Kc5 52. Ne4+ Kd4
53. Nd2 Bf7 54. Ne4 a3 55. Nac3 Bc4 56. Ba2 Bd3 57. Ne2+ Bxe2 58. Kxe2 g5 59.
hxg5 hxg5 1-0

[Event "LL Nord SG Osnabrück - Werder 3"]
[Site "?"]
[Date "2018.10.21"]
[Round "1.6"]
[White "Brueggemann, Frank"]
[Black "Pollmann, Sascha"]
[Result "1-0"]
[WhiteElo "2001"]
[BlackElo "2078"]
[PlyCount "105"]
[EventDate "2018.??.??"]

1. c4 f5 2. d4 Nf6 3. Nc3 e6 4. d5 e5 5. Bg5 Be7 6. Bxf6 Bxf6 7. d6 Nc6 8. e4
fxe4 9. Nxe4 O-O 10. Ne2 cxd6 11. Qd5+ Kh8 12. Nxd6 Qe7 13. O-O-O Nb4 14. Qc5
Na6 15. Qd5 Nc7 16. Qe4 Ne6 17. h4 Nd4 18. Nxd4 Qxd6 19. Nb5 Qc6 20. Qc2 d5 21.
Rxd5 a6 22. Nd6 Be6 23. Rd2 Rad8 24. Ne4 Bf5 25. f3 Rxd2 26. Kxd2 Bxe4 27. Qxe4
Rd8+ 28. Bd3 Qxe4 29. fxe4 Be7 30. h5 Rf8 31. Rf1 Rxf1 32. Bxf1 Kg8 33. Kc3 Kf7
34. b4 Kf6 35. c5 Kg5 36. Be2 Kf4 37. Kc4 g5 38. hxg6 hxg6 39. Kd5 Bh4 40. a4
Be1 41. b5 axb5 42. axb5 Bb4 43. g4 g5 44. Bf1 Ba5 45. Be2 Bc3 46. Bd1 Bd4 47.
Be2 Ke3 48. Bd1 Kf4 49. b6 Bf2 50. Be2 Be3 51. Ba6 Kxg4 52. Bxb7 Kf3 53. Bc8
1-0

[Event "LL Nord SG Osnabrück - Werder 3"]
[Site "?"]
[Date "2018.10.21"]
[Round "1.7"]
[White "Buescher, Andre"]
[Black "Reichert, Matthias"]
[Result "1-0"]
[WhiteElo "1993"]
[BlackElo "1907"]
[Annotator "Buescher,Andre"]
[PlyCount "95"]
[EventDate "2018.??.??"]

1. e4 c5 2. g3 d5 3. exd5 Qxd5 4. Nf3 Bg4 5. Bg2 Nc6 6. Nc3 Qd7 7. h3 Bxf3 8.
Qxf3 Nf6 9. O-O e6 10. d3 Be7 11. Be3 Rc8 12. g4 h6 13. Rae1 O-O 14. h4 Nd4 15.
Qd1 Nh7 16. h5 b5 17. Ne2 Rfd8 18. Nxd4 cxd4 19. Bf4 Nf6 20. Be5 Ne8 21. Re4
Bc5 22. Rfe1 f6 23. Bg3 e5 24. Bh3 Nd6 25. R4e2 Bb4 26. Rf1 Nf7 27. f3 Bd6 28.
Rfe1 Ng5 29. Bg2 Ne6 30. f4 Nxf4 31. Bxf4 exf4 32. Bd5+ Kf8 33. Be6 Qc7 34.
Bxc8 f3 35. Rf2 Bg3 36. Be6 Bxf2+ 37. Kxf2 Qh2+ 38. Kxf3 Qh3+ 39. Kf2 Qh2+ 40.
Kf3 Qh3+ 41. Kf4 Qh2+ 42. Kf5 Qf2+ 43. Kg6 Re8 44. Qe2 Qh4 45. Qe4 Re7 46. Kh7
g6+ 47. Kh8 {Diagramm [#]} f5 48. Qxd4 1-0